|
|
|
|
| LEADER |
00000nab a2200000 a 4500 |
| 001 |
vtls008160583 |
| 003 |
SK-MaSNL |
| 005 |
20260303190152.0 |
| 008 |
050615c2005 xo br|p|||||||000 b|slo |
| 015 |
|
|
|a SNBRB2005/05
|2 snkbucl
|
| 038 |
|
|
|a SNKBUCL
|
| 040 |
|
|
|a SNKBUCL
|b slo
|c SNKBUCL
|e AACR2
|
| 041 |
0 |
|
|a slo
|
| 044 |
|
|
|a xo
|c SK
|
| 080 |
|
|
|a 371.214.41
|2 1981
|
| 080 |
|
|
|a 37.016:272
|2 1981
|
| 080 |
|
|
|a 37.034
|2 1981
|
| 100 |
1 |
|
|a Škoda, Rastislav
|4 aut
|9 16915
|
| 245 |
1 |
0 |
|a Rád vysvetlím, kto sú humanisti
|c Rastislav Škoda
|
| 300 |
|
|
|b Fotogr.
|
| 630 |
0 |
7 |
|a Zmluva medzi Slovenskou republikou a Svätou stolicou o katolíckej výchove
|2 snkbucl
|9 74865
|
| 650 |
0 |
7 |
|a náboženská výchova
|2 snkbucl
|9 67239
|
| 650 |
0 |
7 |
|a nepovinné vyučovacie predmety
|2 snkbucl
|9 59951
|
| 650 |
0 |
7 |
|a etická výchova
|2 snkbucl
|9 4075
|
| 650 |
0 |
7 |
|a katolícka výchova
|2 snkbucl
|9 74864
|
| 773 |
0 |
|
|t Prometheus
|g Roč. 1, č. 1 (2005), s. 8-9
|x 1336-6424
|
| 852 |
|
|
|a SNK
|b KIS3GCP
|
| 999 |
|
|
|c 2134895
|d 2136825
|